Sculpture in the Frick Collection (Record no. 7666)
[ view plain ]
| 000 -CABECERA | |
|---|---|
| campo de control de longitud fija | 01206nam a2200301 a 4500 |
| 001 - NÚMERO DE CONTROL | |
| campo de control | BRCA_7997 |
| 005 - FECHA Y HORA DE LA ÚLTIMA TRANSACCIÓN | |
| campo de control | 20190320210104.0 |
| 008 - DATOS DE LONGITUD FIJA--INFORMACIÓN GENERAL | |
| campo de control de longitud fija | 140314s1970----u--a###f##---#001-0#eng-# |
| 041 ## - CÓDIGO DE LENGUA | |
| Código de lengua del texto/banda sonora o título independiente | eng |
| 044 ## - CÓDIGO DEL PAÍS DE LA ENTIDAD EDITORA/PRODUCTORA | |
| Código MARC del país | u |
| 050 #4 - SIGNATURA TOPOGRÁFICA DE LA BIBLIOTECA DEL CONGRESO | |
| Número de clasificación | N620 |
| Número de documento/Ítem | .F897 |
| -- | 1970 |
| 100 1# - ENTRADA PRINCIPAL--NOMBRE DE PERSONA | |
| Nombre de persona | Pope-Hennessy, John |
| 9 (RLIN) | 13415 |
| 245 10 - MENCIÓN DE TÍTULO | |
| Título | Sculpture in the Frick Collection |
| Resto del título | italian |
| Mención de responsabilidad, etc. | by John Pope-Hennessy and Terence W. I. Hodgkinson ; assisted by Anthony F. Radcliffe. |
| 260 ## - PUBLICACIÓN, DISTRIBUCIÓN, ETC. | |
| Lugar de publicación, distribución, etc. | USA |
| Nombre del editor, distribuidor, etc. | Princeton University Press |
| Fecha de publicación, distribución, etc. | 1970 |
| 300 ## - DESCRIPCIÓN FÍSICA | |
| Extensión | xxxii, 254 p. |
| Otras características físicas | il. (algunas a color) |
| Dimensiones | 27 cm. |
| 440 #0 - MENCIÓN DE SERIE/PUNTO DE ACCESO ADICIONAL--TÍTULO | |
| Título | The Frick Collection and Illustrated Catalogue |
| Designación de volumen o secuencia | III |
| 9 (RLIN) | 19850 |
| 440 #0 - MENCIÓN DE SERIE/PUNTO DE ACCESO ADICIONAL--TÍTULO | |
| Título | The Frick Collection and Illustrated Catalogue |
| Designación de volumen o secuencia | IV |
| 9 (RLIN) | 19850 |
| 500 ## - NOTA GENERAL | |
| Nota general | 3103 |
| 500 ## - NOTA GENERAL | |
| Nota general | Dos volúmenes inventariados como un sólo libro por el Banco de México |
| 500 ## - NOTA GENERAL | |
| Nota general | Subtitulo en segundo ejemplar ´sculpture german, netherlandish, french and brithish´ |
| 650 14 - PUNTO DE ACCESO ADICIONAL DE MATERIA--TÉRMINO DE MATERIA | |
| Término de materia o nombre geográfico como elemento de entrada | Escultura italiana |
| Subdivisión de forma | Catálogos |
| 9 (RLIN) | 19851 |
| 650 14 - PUNTO DE ACCESO ADICIONAL DE MATERIA--TÉRMINO DE MATERIA | |
| Término de materia o nombre geográfico como elemento de entrada | Escultura europea |
| Subdivisión de forma | Coleccionistas y colecciones |
| 9 (RLIN) | 19852 |
| 700 1# - PUNTO DE ACCESO ADICIONAL--NOMBRE DE PERSONA | |
| Nombre de persona | Hodgkinson, Terence W. I. |
| Término indicativo de función/relación | coaut. |
| 9 (RLIN) | 19853 |
| 700 1# - PUNTO DE ACCESO ADICIONAL--NOMBRE DE PERSONA | |
| Nombre de persona | Radcliffe, Anthony F. |
| 9 (RLIN) | 19854 |
| 710 2# - PUNTO DE ACCESO ADICIONAL--NOMBRE DE ENTIDAD CORPORATIVA | |
| Nombre de entidad corporativa o nombre de jurisdicción como elemento de entrada | Frick Collection |
| 9 (RLIN) | 19855 |
| 902 ## - CATALOGADOR | |
| Iniciales | GFM |
| 942 ## - ELEMENTOS DE PUNTO DE ACCESO ADICIONAL (KOHA) | |
| Fuente del sistema de clasificación o colocación | Library of Congress Classification |
| Tipo de ítem Koha | Libros |
| Estado de retiro | Estado de pérdida | Estado dañado | No para préstamo | Localización permanente | Ubicación/localización actual | Fecha de adquisición | Número de inventario | Total de préstamos | Signatura topográfica completa | Código de barras | Fecha visto por última vez | Precio válido a partir de | Tipo de ítem Koha |
|---|---|---|---|---|---|---|---|---|---|---|---|---|---|
| El ejemplar forma parte de la colección y puede ser consultado según las políticas vigentes. | Biblioteca del Museo Franz Mayer (Rogerio Casas-Alatriste) | Biblioteca del Museo Franz Mayer (Rogerio Casas-Alatriste) | 14/03/2014 | 3103 | N620 .F897 1970 (3103) | 8608 | 22/03/2019 | 22/03/2019 | Libros |